[Event "26e tournoi 1hKO"]
[Site "Montigny le Bretonneux"]
[Date "2024.05.09"]
[Round "1.1"]
[White "Fasquelle, Yann"]
[Black "El Farihi, Mohsine"]
[Result "0-1"]
[WhiteElo "1569"]
[BlackElo "2073"]
[Annotator "Rivier,Sylvain"]
[PlyCount "46"]
[EventDate "2024.??.??"]
[WhiteTeam "Saint-Quentin en Yvelines"]
[BlackTeam "Gambit Roi de Carrieres sur Seine"]

{Défense scandinave} 1. e4 d5 2. e5 Bf5 3. d4 e6 4. c3 Nd7 5. Ne2 c5 6. Ng3
Bxb1 7. Rxb1 cxd4 8. cxd4 Qa5+ 9. Bd2 Qxa2 10. Bb5 a6 11. Ba4 Qc4 12. Rc1 Qxd4
13. O-O Qxe5 14. Ba5 b5 15. Rc7 Bd6 16. Re1 Qf4 17. Qxd5 Rb8 18. Rc6 Ngf6 19.
Rxe6+ fxe6 20. Qxe6+ Be7 21. Nf5 Ng8 22. Bb3 Qxf5 23. Qxf5 Nh6 0-1

[Event "26e tournoi 1hKO"]
[Site "Montigny le Bretonneux"]
[Date "2024.05.09"]
[Round "1.2"]
[White "Briquet, Jean-Pierre"]
[Black "Bouloc, Roger"]
[Result "1-0"]
[WhiteElo "1981"]
[BlackElo "1567"]
[Annotator "Rivier,Sylvain"]
[PlyCount "92"]
[EventDate "2024.??.??"]
[WhiteTeam "Palamede Echecs"]
[BlackTeam "La Dame Noire"]

1. d4 d5 2. Nf3 Nf6 3. c4 e6 4. Nc3 Be7 5. Bg5 Nbd7 6. e3 O-O 7. cxd5 exd5 8.
Bd3 h6 9. Bh4 b6 10. O-O a5 11. Rc1 Ba6 12. Bxa6 Rxa6 13. Qd3 Ra8 14. Ne5 Nxe5
15. dxe5 Nd7 16. Bxe7 Qxe7 17. Nxd5 Qxe5 18. Nxc7 Nc5 19. Rxc5 bxc5 20. Nxa8
Rxa8 21. Qc2 a4 22. h3 g6 23. Rc1 Kg7 24. Qc3 Qxc3 25. Rxc3 Rb8 26. Rc2 Kf6 27.
Kf1 Ke6 28. Ke2 Kd6 29. Kd3 f5 30. Kc3 Rb4 31. Rd2+ Ke5 32. Rd8 Ke6 33. Rc8 Rb5
34. Rc6+ Kf7 35. Ra6 Rb4 36. Ra5 Rb7 37. Rxa4 h5 38. Ra5 Rc7 39. Kc4 Ke7 40.
Rxc5 Rb7 41. b4 Kd6 42. a4 Rb6 43. b5 Rb8 44. a5 g5 45. b6 f4 46. exf4 gxf4 {
suite non notée} 1-0

[Event "26e tournoi 1hKO"]
[Site "Montigny le Bretonneux"]
[Date "2024.05.09"]
[Round "1.3"]
[White "Meddour, Ithri"]
[Black "Forissier, Nicolas"]
[Result "0-1"]
[WhiteElo "1563"]
[BlackElo "1931"]
[Annotator "Rivier,Sylvain"]
[PlyCount "32"]
[EventDate "2024.??.??"]
[WhiteTeam "Saint-Quentin en Yvelines"]
[BlackTeam "La Dame Noire"]

{Partie du pion dame} 1. d4 Nf6 2. e3 d5 3. Bd3 g6 4. c3 Bg7 5. f4 O-O 6. Nf3
b6 7. Nbd2 Ba6 8. Bxa6 Nxa6 9. Qc2 c5 10. h3 Rc8 11. b3 Nh5 12. g4 cxd4 13.
Nxd4 Bxd4 14. Qd3 Bxc3 15. Qxa6 Bxa1 16. gxh5 Rxc1+ 0-1

[Event "26e tournoi 1hKO"]
[Site "Montigny le Bretonneux"]
[Date "2024.05.09"]
[Round "1.4"]
[White "Lim, Chin"]
[Black "El Yaalaoui, Adam"]
[Result "1-0"]
[WhiteElo "1914"]
[BlackElo "1558"]
[Annotator "Rivier,Sylvain"]
[PlyCount "51"]
[EventDate "2024.??.??"]
[WhiteTeam "La Dame Noire"]
[BlackTeam "Club d'Echecs de Guyancourt"]

{Défense est-indienne} 1. d4 Nf6 2. c4 d6 3. Nf3 g6 4. Nc3 Bg7 5. Bg5 Nbd7 6.
e3 O-O 7. Be2 h6 8. Bh4 g5 9. Bg3 Nh5 10. Qc2 Nxg3 11. hxg3 e5 12. O-O-O f5 13.
dxe5 dxe5 14. g4 c6 15. gxf5 Qb6 16. Ne4 Nf6 17. c5 Qb4 18. Nxf6+ Rxf6 19. Rd8+
Rf8 20. Bc4+ Kh8 21. Rxf8+ Bxf8 22. Nxe5 Kg7 23. f6+ Kxf6 24. Qg6+ Kxe5 25. f4+
gxf4 26. Rh5+ 1-0

[Event "26e tournoi 1hKO"]
[Site "Montigny le Bretonneux"]
[Date "2024.05.09"]
[Round "1.5"]
[White "Montay, Jean-Paul"]
[Black "Briquet, Tom"]
[Result "0-1"]
[WhiteElo "1558"]
[BlackElo "1901"]
[Annotator "Rivier,Sylvain"]
[PlyCount "70"]
[EventDate "2024.??.??"]
[WhiteTeam "La Dame Noire"]
[BlackTeam "Palamede Echecs"]

{Gambit dame, système Ragozin} 1. c4 e6 2. Nc3 Nf6 3. g3 d5 4. cxd5 exd5 5. d4
c6 6. Bg5 h6 7. Bxf6 Qxf6 8. Bg2 Bb4 9. Nf3 O-O 10. O-O Bf5 11. Qb3 Qe7 12. e3
Bxc3 13. Qxc3 Nd7 14. Rac1 Nb6 15. Qc5 Qc7 16. b3 Rac8 17. Rfe1 Nd7 18. Qb4 a5
19. Qa3 Ra8 20. Nh4 Be6 21. Bf1 Nf6 22. Bd3 Ne4 23. f3 Nd6 24. e4 Qd7 25. exd5
Bxd5 26. Re3 g5 27. Ng2 Nf5 28. Re5 Nxd4 29. Re7 Nxf3+ 30. Kf2 Qg4 31. Ne3 Qd4
32. Rd1 Qf6 33. Nxd5 cxd5 34. Qc5 Rac8 35. Qe3 Ne5+ 0-1

[Event "26e tournoi 1hKO"]
[Site "Montigny le Bretonneux"]
[Date "2024.05.09"]
[Round "1.7"]
[White "Ruiz, Alexandra"]
[Black "Goujon, Antoine"]
[Result "1/2-1/2"]
[WhiteElo "1518"]
[BlackElo "1762"]
[Annotator "Rivier,Sylvain"]
[PlyCount "70"]
[EventDate "2024.??.??"]
[WhiteTeam "Club d'Echecs du Vesinet"]
[BlackTeam "CE Le Roi Soleil - Le Chesnay - Versailles"]

{Défense sicilienne, variante Alapine} 1. e4 c5 2. c3 g6 3. d4 cxd4 4. cxd4 d5
5. Nc3 dxe4 6. Nxe4 Bg7 7. Nf3 Nf6 8. Nxf6+ Bxf6 9. Bc4 O-O 10. O-O Nc6 11. d5
Ne5 12. Nxe5 Bxe5 13. Re1 Qd6 14. Qb3 Bxh2+ 15. Kf1 Be5 16. Bh6 Bg7 17. Bxg7
Kxg7 18. Qc3+ Kg8 19. Re3 Bd7 20. Kg1 Rac8 21. Qd3 a6 22. Bb3 Rc7 23. Rae1 Bf5
24. Qe2 Re8 25. a4 h5 26. Rc3 Rxc3 27. bxc3 Kf8 28. Qd2 Kg7 29. c4 Rc8 30. Qd4+
Qf6 31. Qe3 Kf8 32. c5 g5 33. d6 exd6 34. cxd6 Qxd6 35. Qxg5 Qg6 1/2-1/2

[Event "26e tournoi 1hKO"]
[Site "Montigny le Bretonneux"]
[Date "2024.05.09"]
[Round "1.8"]
[White "Chevrier, Denis"]
[Black "Ancey, Remi"]
[Result "0-1"]
[WhiteElo "1738"]
[BlackElo "1483"]
[Annotator "Rivier,Sylvain"]
[PlyCount "90"]
[EventDate "2024.??.??"]
[WhiteTeam "Club d'Echecs de l'Arpajonnais"]
[BlackTeam "Club d'Echecs de Triel sur Seine"]

{Ouverture anglaise, variante sicilienne inversée} 1. c4 e5 2. Nc3 Nf6 3. e3
d6 4. g3 Nc6 5. Bg2 Be6 6. b3 Be7 7. Nge2 O-O 8. d4 exd4 9. exd4 Bf5 10. a3 Qd7
11. Nf4 Rfe8 12. O-O Nd8 13. Bb2 c6 14. Re1 Rb8 15. d5 c5 16. b4 cxb4 17. axb4
a6 18. Rc1 b5 19. cxb5 axb5 20. Nce2 Bg4 21. Qd2 Bxe2 22. Rxe2 Ng4 23. f3 Nh6
24. Nh5 f6 25. g4 Bf8 26. Bxf6 Rxe2 27. Qxe2 Qf7 28. Bxd8 Rxd8 29. Qxb5 Qe7 30.
Qd3 Qb7 31. b5 Be7 32. Nf4 Bg5 33. Ne6 Bxc1 34. Nxd8 Qc7 35. Kf1 Qxd8 36. Qc4
Ba3 37. Kf2 Bc5+ 38. Kg3 Qe7 39. Qb3 Nf7 40. Bf1 Qe1+ 41. Kh3 Qxf1+ 42. Kg3 Ne5
43. b6 Qf2+ 44. Kf4 Bxb6 45. Kg5 Nxf3+ 0-1

[Event "26e tournoi 1hKO"]
[Site "Montigny le Bretonneux"]
[Date "2024.05.09"]
[Round "1.9"]
[White "Corbeau, Lou"]
[Black "Nosperger, Mael"]
[Result "0-1"]
[WhiteElo "1445"]
[BlackElo "1727"]
[Annotator "Rivier,Sylvain"]
[PlyCount "48"]
[EventDate "2024.??.??"]
[WhiteTeam "Nogent le Roi"]
[BlackTeam "Palamede Echecs"]

{Défense est-indienne, variante orthodoxe} 1. d4 Nf6 2. c4 g6 3. Nc3 Bg7 4. e4
d6 5. Be2 O-O 6. Nf3 e5 7. d5 Na6 8. O-O Nc5 9. Qc2 Nh5 10. b4 Na6 11. Rb1 f5
12. c5 Nf6 13. Bg5 f4 14. c6 b6 15. h3 h6 16. Bxf6 Qxf6 17. Bxa6 Bxa6 18. Qa4
Bxf1 19. Kxf1 a6 20. Qc2 g5 21. b5 a5 22. a4 h5 23. Ne2 g4 24. Nd2 f3 0-1

[Event "26e tournoi 1hKO"]
[Site "Montigny le Bretonneux"]
[Date "2024.05.09"]
[Round "1.10"]
[White "Gaziello, Marc"]
[Black "Carbonero, Jean Marc"]
[Result "1-0"]
[WhiteElo "1716"]
[BlackElo "1299"]
[Annotator "Rivier,Sylvain"]
[PlyCount "41"]
[EventDate "2024.??.??"]
[WhiteTeam "Club d'Echecs de l'Arpajonnais"]
[BlackTeam "Saint-Quentin en Yvelines"]

{Défense néo-Grünfeld, déviation au 3e coup} 1. d4 d5 2. c4 Nf6 3. cxd5
Nxd5 4. e4 Nb6 5. Nf3 g6 6. Be2 Bg7 7. O-O O-O 8. Nc3 Bd7 9. Be3 Nc6 10. Qd2
Re8 11. Rfd1 e5 12. dxe5 Nxe5 13. Nxe5 Bxe5 14. Bxb6 Bd6 15. Be3 Re6 16. Bg4
Re7 17. Bxd7 Rxd7 18. Qc2 Qe7 19. Nd5 Qe5 20. f4 Qh5 21. Nf6+ 1-0

[Event "26e tournoi 1hKO"]
[Site "Montigny le Bretonneux"]
[Date "2024.05.09"]
[Round "1.11"]
[White "Adsul, Tanush"]
[Black "Corbillet, Mathieu"]
[Result "0-1"]
[WhiteElo "1199"]
[BlackElo "1699"]
[Annotator "Rivier,Sylvain"]
[PlyCount "72"]
[EventDate "2024.??.??"]
[WhiteTeam "La Dame Noire"]
[BlackTeam "La Dame Noire"]

{Défense des deux cavaliers} 1. e4 e5 2. Nf3 Nc6 3. Bc4 Bc5 4. d3 Nf6 5. Ng5
O-O 6. Nc3 h6 7. Nf3 d6 8. O-O Bg4 9. h3 Bxf3 10. Qxf3 Nd4 11. Qd1 c6 12. Be3
a5 13. Na4 b5 14. Nxc5 dxc5 15. Bxd4 cxd4 16. Bb3 a4 17. c3 axb3 18. Qxb3 Qb6
19. c4 b4 20. f4 Nd7 21. g3 Nc5 22. Qc2 f6 23. f5 Ra7 24. a3 Rfa8 25. h4 bxa3
26. bxa3 Rxa3 27. Rab1 Rb3 28. Ra1 Rxa1 29. Rxa1 Rb2 30. Ra8+ Kh7 31. Qd1 Rb1
32. Qxb1 Qxb1+ 33. Kg2 Nxd3 34. g4 Qc2+ 35. Kh3 Nf4+ 36. Kg3 Qg2# 0-1

[Event "26e tournoi 1hKO"]
[Site "Montigny le Bretonneux"]
[Date "2024.05.09"]
[Round "1.12"]
[White "Bordier, Hugo"]
[Black "Badjate, Nishchal"]
[Result "1-0"]
[WhiteElo "1693"]
[BlackElo "1199"]
[Annotator "Rivier,Sylvain"]
[PlyCount "27"]
[EventDate "2024.??.??"]
[WhiteTeam "Echiquier de la Butte"]
[BlackTeam "La Dame Noire"]

{Défense moderne} 1. e4 d6 2. d4 g6 3. Nc3 Bg7 4. Be3 e5 5. Bc4 Ne7 6. Qd2 O-O
7. Nge2 Bd7 8. Bh6 b5 9. Nxb5 Bxh6 10. Qxh6 a6 11. Nbc3 d5 12. Nxd5 f5 13.
Nxe7+ Kh8 14. Nxg6# 1-0

[Event "26e tournoi 1hKO"]
[Site "Montigny le Bretonneux"]
[Date "2024.05.09"]
[Round "1.13"]
[White "El Ghak, Karim"]
[Black "Guerillon, Sylvain"]
[Result "0-1"]
[WhiteElo "1199"]
[BlackElo "1687"]
[Annotator "Rivier,Sylvain"]
[PlyCount "105"]
[EventDate "2024.??.??"]
[WhiteTeam "La Dame Noire"]
[BlackTeam "Club d'Echecs de Triel sur Seine"]

{Défense est-indienne} 1. d4 Nf6 2. Bf4 d6 3. e3 g6 4. Be2 Bg7 5. h3 O-O 6.
Nf3 Nbd7 7. c4 Re8 8. Bh2 b6 9. O-O Bb7 10. Nc3 e5 11. Qc2 exd4 12. Nxd4 a5 13.
Bf3 Bxf3 14. Nxf3 Nc5 15. Rfd1 Nce4 16. Nxe4 Nxe4 17. Nd2 Qe7 18. Rac1 Nxd2 19.
Rxd2 Qe4 20. Rcd1 Qxc2 21. Rxc2 Re4 22. Rd5 a4 23. Kf1 a3 24. b3 Rae8 25. Rcd2
f5 26. Bf4 Bc3 27. R2d3 Rxf4 28. Rxc3 Rfe4 29. g3 R8e6 30. Rcd3 Kf7 31. Ke2 f4
32. R5d4 fxg3 33. fxg3 Kf6 34. Kf3 Rxd4 35. exd4 Re1 36. Re3 Rd1 37. d5 Rd2 38.
Re2 Rxe2 39. Kxe2 Ke5 40. Ke3 g5 41. Kd3 h5 42. Ke3 b5 43. h4 gxh4 44. gxh4 b4
45. Kd3 Kf4 46. Kd4 Kg4 47. Ke4 Kxh4 48. Kf4 Kh3 49. Kf3 h4 50. Kf2 Kh2 51. Kf1
Kg3 52. Kg1 h3 53. Kh1 {suite non notée} 0-1

[Event "26e tournoi 1hKO"]
[Site "Montigny le Bretonneux"]
[Date "2024.05.09"]
[Round "1.14"]
[White "Branson, James"]
[Black "Zoubko, Kyril"]
[Result "1-0"]
[WhiteElo "1680"]
[BlackElo "1199"]
[Annotator "Rivier,Sylvain"]
[PlyCount "55"]
[EventDate "2024.??.??"]
[WhiteTeam "Club d'Echecs de Guyancourt"]
[BlackTeam "La Dame Noire"]

{Gambit du roi (gambit du cavalier)} 1. e4 e5 2. f4 d6 3. Nf3 Nc6 4. Bc4 exf4
5. d4 Qe7 6. O-O Bg4 7. Bxf4 O-O-O 8. Bd3 Nxd4 9. Be3 Nxf3+ 10. gxf3 Bh3 11.
Rf2 Qe5 12. c4 Ne7 13. f4 Qf6 14. Bxa7 b6 15. Qa4 Qd4 16. Qa6+ Kd7 17. c5 dxc5
18. Nc3 Ke8 19. Rd1 Qf6 20. Bb5+ Nc6 21. Bxc6+ Qxc6 22. Rxd8+ Kxd8 23. Rd2+ Ke7
24. Nd5+ Ke6 25. Qc4 b5 26. f5+ Ke5 27. Qc3+ Kd6 28. Nb4+ 1-0

[Event "26e tournoi 1hKO"]
[Site "Montigny le Bretonneux"]
[Date "2024.05.09"]
[Round "1.15"]
[White "El Yaalaoui, Asiya"]
[Black "Couradin, Jean-Marie"]
[Result "0-1"]
[WhiteElo "1099"]
[BlackElo "1679"]
[Annotator "Rivier,Sylvain"]
[PlyCount "68"]
[EventDate "2024.??.??"]
[WhiteTeam "Club d'Echecs de Guyancourt"]
[BlackTeam "La Dame Noire"]

{Défense française} 1. e4 e6 2. Nf3 d5 3. Nc3 Nf6 4. d3 c5 5. Bg5 Be7 6. e5
Nfd7 7. Bxe7 Qxe7 8. Be2 a6 9. O-O Nc6 10. Na4 b5 11. Nc3 Ncxe5 12. Nxe5 Nxe5
13. Bf3 Bb7 14. a4 b4 15. Na2 Qf6 16. Be2 a5 17. c4 O-O 18. cxd5 Bxd5 19. d4
cxd4 20. Qxd4 Nf3+ 21. gxf3 Qxd4 22. Rab1 Bxa2 23. Rbd1 Qxb2 24. Bb5 Qe5 25.
Rd2 Qg5+ 26. Kh1 Qxd2 27. Bc6 Rac8 28. Bb7 Rc2 29. Be4 Rc1 30. Rxc1 Qxc1+ 31.
Kg2 Qg5+ 32. Kh3 e5 33. f4 Be6+ 34. Bf5 Bxf5# 0-1

[Event "26e tournoi 1hKO"]
[Site "Montigny le Bretonneux"]
[Date "2024.05.09"]
[Round "1.16"]
[White "Alluch Abdellach, Nordin"]
[Black "Berhaut, Antoine"]
[Result "1-0"]
[WhiteElo "1638"]
[BlackElo "1009"]
[Annotator "Rivier,Sylvain"]
[PlyCount "63"]
[EventDate "2024.??.??"]
[WhiteTeam "Saint-Quentin en Yvelines"]
[BlackTeam "Club d'Echecs de Guyancourt"]

{Défense Nimzo-indienne, système Rubinstein} 1. d4 d5 2. Nf3 Nc6 3. e3 e6 4.
c4 Nf6 5. Nc3 Bb4 6. a3 Bxc3+ 7. bxc3 O-O 8. cxd5 Qxd5 9. c4 Qa5+ 10. Bd2 Qh5
11. Be2 Rd8 12. O-O Ne4 13. Rc1 Nxd2 14. Qxd2 e5 15. Nxe5 Nxe5 16. Bxh5 a5 17.
Qc3 Nc6 18. d5 Ne7 19. Qe5 Re8 20. Qxc7 Bf5 21. Qxb7 Rab8 22. Qc7 Bd3 23. Rfd1
Be2 24. Bxe2 Nf5 25. Qxa5 Rb2 26. Bg4 Nh6 27. Be6 fxe6 28. dxe6 Rxe6 29. Qd8+
Kf7 30. Rd7+ Kg6 31. h4 Ng4 32. Qg5# 1-0

[Event "26e tournoi 1hKO"]
[Site "Montigny le Bretonneux"]
[Date "2024.05.09"]
[Round "1.17"]
[White "Elie, Nicolas"]
[Black "Neveu, Raphael"]
[Result "0-1"]
[WhiteElo "1009"]
[BlackElo "1626"]
[Annotator "Rivier,Sylvain"]
[PlyCount "88"]
[EventDate "2024.??.??"]
[WhiteTeam "Club d'Echecs de Guyancourt"]
[BlackTeam "La Dame Noire"]

{Défense des deux cavaliers} 1. e4 e5 2. Nf3 Nc6 3. Nc3 Nf6 4. Bc4 Nxe4 5.
Bxf7+ Kxf7 6. Nxe4 d5 7. Nfg5+ Kg8 8. d3 dxe4 9. Nxe4 Bf5 10. Ng3 Bg6 11. Be3
Bb4+ 12. c3 Be7 13. Qb3+ Kf8 14. Qxb7 Be8 15. O-O Qb8 16. Qxb8 Rxb8 17. Rad1
Rxb2 18. Rd2 Rxd2 19. Bxd2 Kf7 20. Re1 Bd7 21. Ne2 Rb8 22. d4 exd4 23. cxd4 Rb2
24. Bb4 Bd6 25. Bxd6 cxd6 26. Ng3 Rxa2 27. Ne4 d5 28. Ng5+ Kg6 29. f4 h6 30.
Nf3 a5 31. Ne5+ Nxe5 32. fxe5 Bf5 33. e6 Be4 34. e7 Kf7 35. e8=Q+ Kxe8 36. Rc1
Rxg2+ 37. Kf1 Rc2 38. Ra1 Rxh2 39. Rxa5 Rc2 40. Ra7 Kf8 41. Ke1 h5 42. Kf1 h4
43. Ra3 g5 44. Rh3 Bg2+ 0-1

[Event "26e tournoi 1hKO"]
[Site "Montigny le Bretonneux"]
[Date "2024.05.09"]
[Round "1.18"]
[White "Baysse, Nathan"]
[Black "Gabory, Clement"]
[Result "1-0"]
[WhiteElo "1601"]
[BlackElo "1009"]
[Annotator "Rivier,Sylvain"]
[PlyCount "65"]
[EventDate "2024.??.??"]
[WhiteTeam "La Dame Noire"]
[BlackTeam "Club d'Echecs de Guyancourt"]

{Partie italienne} 1. e4 e5 2. Nf3 Nc6 3. Bc4 Bc5 4. d3 Nf6 5. Bg5 O-O 6. Nc3
d6 7. h3 Be6 8. Nd5 Bxd5 9. Bxd5 Bb4+ 10. c3 h6 11. Bxf6 Qxf6 12. cxb4 Nxb4 13.
Qb3 a5 14. O-O Rfe8 15. Qc3 Re7 16. Bxb7 Rae8 17. Bc6 Rd8 18. a3 Nxc6 19. Qxc6
Rde8 20. b4 axb4 21. axb4 Qe6 22. Ra7 Kh7 23. Rxc7 Rxc7 24. Qxc7 Rf8 25. b5 Qe7
26. Qxe7 Rb8 27. Rb1 f6 28. Qxd6 Rg8 29. b6 Rc8 30. b7 Rc3 31. b8=Q Rc2 32. Nh4
g6 33. Qd7# 1-0

[Event "26e tournoi 1hKO"]
[Site "Montigny le Bretonneux"]
[Date "2024.05.09"]
[Round "1.19"]
[White "Gabory, Donatien"]
[Black "Pelletier, Sylvain"]
[Result "0-1"]
[WhiteElo "1009"]
[BlackElo "1598"]
[Annotator "Rivier,Sylvain"]
[PlyCount "96"]
[EventDate "2024.??.??"]
[WhiteTeam "Club d'Echecs de Guyancourt"]
[BlackTeam "Club d'Echecs de Guyancourt"]

{Défense sicilienne} 1. e4 c5 2. Nf3 g6 3. Bc4 Bg7 4. Ng5 e6 5. O-O Qxg5 6. d3
Qd8 7. Nc3 Ne7 8. Bg5 O-O 9. e5 Nbc6 10. Bf6 Nxe5 11. Bxg7 Kxg7 12. d4 Nxc4 13.
dxc5 d5 14. cxd6 Qxd6 15. Qg4 Ne5 16. Qg5 f6 17. Qf4 Nd5 18. Nxd5 exd5 19. Rad1
Nc4 20. Qxc4 Be6 21. Qb5 Qc6 22. Qxc6 bxc6 23. Rfe1 Rfe8 24. Re2 Bg4 25. Rxe8
Rxe8 26. f3 Bf5 27. c3 Re2 28. g4 Bc8 29. b4 Rxa2 30. Re1 Kf7 31. h4 Rc2 32.
Re3 f5 33. gxf5 Bxf5 34. Kf1 Rh2 35. Kg1 Rxh4 36. Kg2 d4 37. cxd4 Rxd4 38. Rb3
h5 39. Kg3 h4+ 40. Kf2 Rd2+ 41. Kg1 h3 42. Kh1 Be6 43. Rc3 Bd5 44. b5 cxb5 45.
Rc7+ Kf6 46. Rxa7 Bxf3+ 47. Kg1 h2+ 48. Kf1 h1=Q# 0-1

[Event "26e tournoi 1hKO"]
[Site "Montigny le Bretonneux"]
[Date "2024.05.09"]
[Round "1.20"]
[White "Couradin, Bruno"]
[Black "Hellal, Ayoub"]
[Result "1-0"]
[WhiteElo "1579"]
[BlackElo "1009"]
[Annotator "Rivier,Sylvain"]
[PlyCount "25"]
[EventDate "2024.??.??"]
[WhiteTeam "La Dame Noire"]
[BlackTeam "La Dame Noire"]

{Partie italienne} 1. e4 e5 2. Nf3 Nc6 3. Nc3 Nf6 4. Bc4 Bc5 5. O-O O-O 6. d3
d6 7. Bb5 Bg4 8. h3 Bh5 9. Nd5 h6 10. Nxf6+ gxf6 11. Bxh6 Bxf3 12. Qxf3 Kh8 13.
Bg7+ 1-0

[Event "26e tournoi 1hKO"]
[Site "Montigny le Bretonneux"]
[Date "2024.05.09"]
[Round "1.21"]
[White "Orfila, Hugo"]
[Black "Spinos, Steven"]
[Result "0-1"]
[WhiteElo "1009"]
[BlackElo "1573"]
[Annotator "Rivier,Sylvain"]
[PlyCount "60"]
[EventDate "2024.??.??"]
[WhiteTeam "Club d'Echecs de Guyancourt"]
[BlackTeam "La Tour de Mantes"]

{Défense française, variante Rubinstein} 1. e4 e6 2. d4 d5 3. Nc3 dxe4 4.
Nxe4 Nd7 5. Nf3 Ngf6 6. Nxf6+ Nxf6 7. Bc4 c5 8. O-O b6 9. Bg5 cxd4 10. Nxd4 Bb7
11. Bb5+ Ke7 12. Ba6 Qd5 13. Bxf6+ gxf6 14. Bxb7 Qxb7 15. Re1 Qd5 16. b3 Rg8
17. g3 h5 18. f3 h4 19. Kg2 Bh6 20. c4 Qc5 21. Qc2 Qxd4 22. Rad1 Qc5 23. Qd2
Bxd2 24. Rxd2 hxg3 25. hxg3 Qg5 26. Rf2 Qxg3+ 27. Kf1 Rad8 28. f4 Rd3 29. f5
Rf3 30. Rxf3 Qxf3# 0-1

[Event "26e tournoi 1hKO"]
[Site "Montigny le Bretonneux"]
[Date "2024.05.09"]
[Round "2.1"]
[White "El Farihi, Mohsine"]
[Black "Branson, James"]
[Result "1-0"]
[WhiteElo "2073"]
[BlackElo "1680"]
[Annotator "Rivier,Sylvain"]
[PlyCount "41"]
[EventDate "2024.??.??"]
[WhiteTeam "Gambit Roi de Carrieres sur Seine"]
[BlackTeam "Club d'Echecs de Guyancourt"]

{Partie du pion dame} 1. d4 Nf6 2. Nf3 d5 3. e3 c6 4. Be2 e6 5. O-O Bd6 6. Nbd2
O-O 7. c4 b6 8. b3 Bb7 9. Bb2 Ne4 10. Nxe4 dxe4 11. Nd2 f5 12. f4 Qh4 13. g3
Qh3 14. Rf2 Nd7 15. a3 Nf6 16. b4 Ng4 17. Bxg4 fxg4 18. c5 Be7 19. Nxe4 Rad8
20. Rd2 h5 21. Nf2 1-0

[Event "26e tournoi 1hKO"]
[Site "Montigny le Bretonneux"]
[Date "2024.05.09"]
[Round "2.2"]
[White "Guerillon, Sylvain"]
[Black "Briquet, Jean-Pierre"]
[Result "0-1"]
[WhiteElo "1687"]
[BlackElo "1981"]
[Annotator "Rivier,Sylvain"]
[PlyCount "72"]
[EventDate "2024.??.??"]
[WhiteTeam "Club d'Echecs de Triel sur Seine"]
[BlackTeam "Palamede Echecs"]

1. d4 d5 2. Nf3 Nf6 3. Bf4 e6 4. Nbd2 Bd6 5. Bg3 O-O 6. e3 c5 7. c3 Nc6 8. Bd3
b6 9. O-O Bxg3 10. hxg3 Bb7 11. Ne5 Qc7 12. Ndf3 Ne7 13. Rc1 Ne4 14. Qc2 f6 15.
Ng4 h5 16. Ngh2 Rac8 17. Nd2 f5 18. Nhf3 Ng6 19. Nh4 Ne7 20. Nhf3 Ng6 21. c4
cxd4 22. Nxd4 Qe7 23. Bxe4 fxe4 24. b3 h4 25. Ne2 Ne5 26. Qd1 Qg5 27. Nf4 hxg3
28. Nxe6 Qh6 29. fxg3 Qxe3+ 30. Kh1 Qh6+ 31. Kg1 Qxe6 32. Qh5 Nd3 33. Rxf8+
Rxf8 34. Rf1 Rxf1+ 35. Nxf1 e3 36. cxd5 Bxd5 {suite illisible} 0-1

[Event "26e tournoi 1hKO"]
[Site "Montigny le Bretonneux"]
[Date "2024.05.09"]
[Round "2.3"]
[White "Forissier, Nicolas"]
[Black "Alluch Abdellach, Nordin"]
[Result "1-0"]
[WhiteElo "1931"]
[BlackElo "1638"]
[Annotator "Rivier,Sylvain"]
[PlyCount "65"]
[EventDate "2024.??.??"]
[WhiteTeam "La Dame Noire"]
[BlackTeam "Saint-Quentin en Yvelines"]

{Défense Benoni} 1. d4 c5 2. d5 d6 3. Nf3 Nf6 4. c4 e6 5. Nc3 exd5 6. cxd5 Be7
7. g3 a6 8. a4 Nbd7 9. Bg2 Rb8 10. Qd3 O-O 11. O-O Re8 12. Bf4 Nf8 13. Rfe1 Bg4
14. e4 Ng6 15. e5 Nxf4 16. gxf4 Nh5 17. Qc4 Kh8 18. Rad1 Qc8 19. Rd3 Qf5 20.
Rde3 Bf8 21. Nh4 Qxf4 22. Re4 Qd2 23. h3 Bd7 24. e6 fxe6 25. dxe6 Bc6 26. R4e2
Qg5 27. Nd5 Bxd5 28. Qxd5 Qxh4 29. e7 Bxe7 30. Qxd6 Qxa4 31. Rxe7 Nf6 32. Qxc5
Rg8 33. b4 {suite illisible} 1-0

[Event "26e tournoi 1hKO"]
[Site "Montigny le Bretonneux"]
[Date "2024.05.09"]
[Round "2.4"]
[White "Couradin, Jean-Marie"]
[Black "Lim, Chin"]
[Result "0-1"]
[WhiteElo "1679"]
[BlackElo "1914"]
[Annotator "Rivier,Sylvain"]
[PlyCount "87"]
[EventDate "2024.??.??"]
[WhiteTeam "La Dame Noire"]
[BlackTeam "La Dame Noire"]

{Défense est-indienne, variante du fianchetto} 1. d4 Nf6 2. Nf3 g6 3. g3 Bg7
4. Bg2 d6 5. c4 O-O 6. Nc3 c6 7. e4 Qc7 8. O-O Nbd7 9. Qc2 e5 10. dxe5 dxe5 11.
b3 Re8 12. Ba3 Nf8 13. Rad1 Bg4 14. Bd6 Qa5 15. h3 Bxf3 16. Bxf3 Ne6 17. Ne2
Nd7 18. b4 Qa6 19. Rd3 b6 20. Rfd1 c5 21. b5 Qb7 22. Rd5 Nd4 23. Nxd4 cxd4 24.
Bg4 Rad8 25. Bb4 Nf6 26. Rxd8 Rxd8 27. Bf3 Qd7 28. Rd3 Qxh3 29. Bg2 Qd7 30. a4
Ng4 31. Bh3 h5 32. f3 Ne3 33. Qh2 Qc7 34. Qa2 Qxc4 35. Qxc4 Nxc4 36. f4 Ne3 37.
Be7 Re8 38. Bd6 Nc4 39. Bb4 exf4 40. gxf4 Rxe4 41. f5 Re3 42. Rxe3 Nxe3 43.
fxg6 fxg6 44. Be6+ {suite illisible} 0-1

[Event "26e tournoi 1hKO"]
[Site "Montigny le Bretonneux"]
[Date "2024.05.09"]
[Round "2.5"]
[White "Briquet, Tom"]
[Black "Baysse, Nathan"]
[Result "1-0"]
[WhiteElo "1901"]
[BlackElo "1601"]
[Annotator "Rivier,Sylvain"]
[PlyCount "41"]
[EventDate "2024.??.??"]
[WhiteTeam "Palamede Echecs"]
[BlackTeam "La Dame Noire"]

{Partie italienne, guiocco piano} 1. e4 e5 2. Nf3 Nc6 3. Bc4 Bc5 4. c3 Nf6 5.
d4 exd4 6. b4 Bb6 7. e5 Ng8 8. Ng5 Nh6 9. Qe2 O-O 10. Qe4 g6 11. Qh4 Kg7 12.
Ne6+ fxe6 13. Qxh6+ Kg8 14. Bg5 Qe8 15. Bf6 Qf7 16. O-O dxc3 17. Nxc3 Bd4 18.
Ne4 d5 19. Ng5 Qd7 20. Bxd5 Rxf6 21. exf6 1-0

[Event "26e tournoi 1hKO"]
[Site "Montigny le Bretonneux"]
[Date "2024.05.09"]
[Round "2.6"]
[White "Neveu, Raphael"]
[Black "Appavou, Calixte"]
[Result "0-1"]
[WhiteElo "1626"]
[BlackElo "1787"]
[Annotator "Rivier,Sylvain"]
[PlyCount "51"]
[EventDate "2024.??.??"]
[WhiteTeam "La Dame Noire"]
[BlackTeam "Saint-Quentin en Yvelines"]

{Défense Alekhine, variante de chasse} 1. e4 d5 2. exd5 Nf6 3. Nc3 Nxd5 4. d4
Bf5 5. Nf3 e6 6. Bd3 Bxd3 7. Qxd3 c6 8. O-O Be7 9. Re1 O-O 10. Nxd5 cxd5 11. c3
Nc6 12. Bf4 Rc8 13. Rac1 a6 14. h3 Bf6 15. Re2 Na5 16. b3 Nc6 17. g4 h6 18. Kg2
Ne7 19. Rh1 Ng6 20. Bg3 Nh4+ 21. Nxh4 Bxh4 22. Bxh4 Qxh4 23. Rc1 Rc6 24. Qg3
Qxg3+ 25. Kxg3 Rfc8 26. Rec2 {suite illisible} 0-1